000
00306nam a22001457a 4500
020
_a
81-291-0477-6
082
_a
920
_b
SAL/H
100
_a
SALWI, M DILIP
245
_a
HOMI J BHABHA
250
_a
2004
260
_a
NEW DELHI
_b
RUPA
_c
2004
300
_a
68
650
_a
BIOGRAPHY
_z
NEW DELHI
942
_c
BK
999
_c
6403
_d
6403